00506cam a22001812 4500001001100000005001700011008004100028020001500069040001500084100003200099245004300131250001300174260004300187300001900230650003500249650003700284852000300321000002383820151217152249.0130403s xx 000 0 eng d a1861972781 aKABUcKABU1 aGreene, Robert.@000006814314aThe 48 laws of power /cRobert Greene. a1st ed. aGreat Britain :bProfile books,c1998. axxiii, 452 p. 0aPower (Philosophy)@0000169652 0aControl (Psychology)@00001696531